00464nam a2200181 a 4500001001300000003000900013005001700022008004100039020001000080082001300090245002000103260004100123300000800164500003500172505003400207650001300241710002800254nice12345678IN_TiNIC20260116012337.0050524s1982 kora grp 000 0 eng  ac10000a266bACC aVoices of Women aKoreabAsian Church Conferencec1982 a67p aincludes index and biblioraphy2 aCompiled By Dorothy M. Harvey aMissions2 aAsian Church Conference